English Words of Yiddish Origin - Statistics

General Stats
  • This quiz has been taken 139 times
  • The average score is 4 of 8
Answer Stats
Definition Word % Correct
Dense bread roll in the shape of a ring, made by boiling dough and then baking it. Bagel
81%
Clumsy, awkward, or foolish person. Klutz
74%
Extreme self-confidence or audacity. Chutzpah
65%
Potato pancake in Ashkenazi Jewish cuisine that is traditionally prepared to celebrate Hanukkah. Latke
65%
Skullcap worn especially by Orthodox and Conservative Jewish males in the synagogue and the home. Yarmulke
56%
Sudden, usually temporary malfunction or fault of equipment. Glitch
47%
Small Jewish town or village in eastern Europe. Shtetl
40%
Classification of edible substances that contain neither dairy nor meat ingredients. Pareve
19%
No matching quizzes found
Score Distribution
Percent of People with Each Score
Percentile by Number Answered
Your Score History
You have not taken this quiz